000
00295nam a22001217a 4500
008
181221b xxu||||| |||| 00| 0 eng d
041
_a
eng
080
_a
330.322
100
_a
51
101
_a
INV
245
_a
Starting and Running a Profitable Investment Club
_c
O'Hara,Th.E
942
_2
udc
_c
BK
999
_c
53662
_d
53662